[Event "Korbach Goldflair op 1st"]
[Site "Korbach"]
[Date "2013.05.05"]
[Round "5"]
[White "Ackermann, Emil"]
[Black "Theuns, Denis"]
[Result "1-0"]
[WhiteElo "1735"]
[BlackElo "1780"]
[PlyCount "71"]
[EventDate "2013.05.03"]
[EventType "swiss"]
[EventRounds "5"]
[EventCountry "GER"]
[SourceTitle "CBM 154 Extra"]
[Source "ChessBase"]
[SourceDate "2013.06.25"]
[SourceVersion "2"]
[SourceVersionDate "2013.06.25"]
[SourceQuality "1"]

1. c4 Nf6 2. Nc3 e6 3. d4 Bb4 4. Bg5 h6 5. Bd2 0-0 6. Nf3 d5 7. e3 c5 8. Bd3 Nc6 9. a3 cxd4 10. exd4 dxc4 11. Bxc4 Ba5 12. Be3 a6 13. 0-0 b5 14. Bd3 Bb7 15. Ne4 Qe7 16. Rc1 Rac8 17. Nc5 Bb6 18. b4 Rfd8 19. Qe2 Nd5 20. Bb1 Nxe3 21. fxe3 e5 22. dxe5 Bxc5 23. Rxc5 Nb8 24. Rfc1 Rxc5 25. Rxc5 Rd5 26. Qc2 g6 27. Rc7 Rd7 28. Rc5 Rd5 29. Ba2 Rxc5 30. Qxg6+ Kf8 31. Qxh6+ Ke8 32. bxc5 Qxc5 33. Bxf7+ Kxf7 34. Ng5+ Ke7 35. Qg7+ Ke8 36. Qf7+ 1-0